000 01833nam0a2200349 4500
001 RU\NLR\bibl\2085460
005 20250806203940.0
020 _aRU
_9ЛЕНИНГРАД В ВЕЛИКОЙ ОТЕЧЕСТВЕННОЙ ВОЙНЕ: Печать Ленинграда, 1941 - 1945: листовки,плакаты,открытки,альбомы: карточный каталог изданий, хранящихся в фондах Государственной Публичной библиотеки. - Ленинград, 1972
035 _a(NLR Aleph) 010197132
090 _a10588
_c10588
100 _a20131114d1943 u y0rusy50 ca
101 0 _arus
102 _aRU
105 _aa z |||||
200 1 _aРасширим посевные площади под картофель
_fсост.: В.И. Чирков
_gпод ред. Н.П. Петрова и П.Г. Шубина
_gхудож.: М.Р. Габе
210 _a[Ленинград]
_cЛениздат
_d1943
215 _a1 л.
_cцв. ил.
_d64х90
606 1 _aБлокада Ленинграда
_z1941 - 1944
_jЛистовки
_2nlr_sh1
_2nlr_sh2
_3RU\NLR\AUTH\661253360
686 _aТ3(2)722.721,011
686 _aП1г(2)
702 1 _aЧирков
_bВ. И.
_cбиолог
_f1890-1972
_gВасилий Иванович
_4220
702 1 _aПетров
_bН. П.
_cканд. с.-х. наук
_gНиколай Павлович
_3RU\NLR\auth\77127107
_4340
702 1 _aШубин
_bП. Г.
_4340
702 1 _aГабе
_bМ. Р.
_cхудожник
_f1917-1984
_gМихаил Рувимович
_4040
801 0 _aRU
_bNLR
_c19720101
_gPSBO
801 1 _aRU
_bNLR
_c20131114
_gRCR
852 _aNLR
_bЛ3-330лх
_j15/5-1
942 _cBOOK
945 _aРоссийская национальная библиотека
980 _aNB
980 _aBV